Super Mario Charaktere Teil 2. - Statistiken

Allgemein
  • Dieses Quiz wurde 261 mal gespielt
  • Das Durchschnittsergebnis liegt bei 16 aus 30
Antwortstatistiken
Hinweis Charakter % Korrekt
Bombe Bob-omb
81%
Maulwurf Monty Maulwurf
80%
Raupe Wiggler
78%
König der Bomben König Bob-Omb
77%
Fisch Cheep-Cheep
75%
Koopaling mit blauen Haaren Ludwig von Koopa
75%
Skelett-Bowser Knochenbowser
72%
Koopaling mit hell-blauen Haaren Larry Koopa
72%
Hund mit beschränkter Reichweite Kettenhund
71%
Koopaling mit Sonnenbrille Roy Koopa
69%
Koopaling Dame Wendy O Koopa
67%
Koopaling mit grünen Haaren Iggy Koopa
66%
Koopaling mit bunten Haaren Lemmy Koopa
66%
Mini-Kraken Blooper
63%
Alter Affe Cranky Kong
61%
Größter Koopaling Morton Koopa Jr.
60%
Toadette mit Super-Krone Peachette
51%
Steinplatte die gerne mal umfällt Wummp
46%
Affe mit blonden Haaren Dixie Kong
44%
Wüstengegner bestehend aus Kugeln Pokey
42%
Räuber-Hase Mopsie
35%
Schwarzer Parasit Fuzzy
34%
Stein der auf dich hinunter fällt Steinblock
31%
Professor aus Luigi's Mansion Prof. I Gidd
28%
Anführerin der Hönigbienen Honigbienenkönigin
26%
Wächter Koopa Bumm Bumm
24%
Freundin vom Wächter Koopa Pom Pom
19%
Frosch aus Super Mario Bros. 2 Wart
19%
Hexe aus Wario Ware Ashley
18%
Eisblumen-Gegner aus Mario 64 Propy
3%
Keine übereinstimmenden Quizze gefunden
Verteilung der Resultate
Anzahl Personen mit jedem Resultat
Perzentil nach korrekt beantworteten Fragen
Ihre Resultats-Entwicklung
Sie haben dieses Quiz noch nicht gespielt